000 00655nam a2200217Ia 4500
003 GCL
008 140319s9999 xx 000 0 ara d
040 _aGCL /
_cGCL
082 0 4 _a011.02
_bع م
100 1 _aعبدالستار الحلوجى
245 1 0 _aمدخل لدراسة المراجع /
_cعبدالستار الحلوجى
260 _a[S.N] :
_bدار الثقافة للنشر والتوزيع ،
_c1991
300 _a179 ص
490 _a
650 0 4 _aالمراجع
650 0 4 _aالمعاجم
650 0 4 _aالارشاد المرجعى
650 0 4 _aالببليوجرافيات
650 0 4 _aالادلة
942 _2ddc
_cBK
999 _c36353
_d36353